[Event "Villalba op 1st"]
[Site "Villalba"]
[Date "2013.08.03"]
[Round "8.5"]
[White "Julian Serra, Rogelio"]
[Black "Martinez Montalvo, Eduardo"]
[Result "0-1"]
[WhiteElo "2012"]
[BlackElo "1758"]
[PlyCount "87"]
[EventDate "2013.07.27"]
[EventType "swiss"]
[EventRounds "9"]
[EventCountry "ESP"]
[SourceTitle "EXT 2024"]
[Source "ChessBase"]
[SourceDate "2023.10.10"]
[SourceVersion "1"]
[SourceVersionDate "2023.10.10"]
[SourceQuality "1"]

1. c4 e5 2. Nc3 d6 3. g3 f5 4. Bg2 Nf6 5. d3 Be7 6. Nf3 0-0 7. Bg5 c6 8. 0-0 Qe8 9. c5 Na6 10. cxd6 Bxd6 11. Nd2 Qh5 12. Bxf6 Rxf6 13. e4 Qxd1 14. Raxd1 f4 15. Nf3 Bg4 16. h3 Bxf3 17. Bxf3 fxg3 18. fxg3 Raf8 19. Kg2 Bc5 20. Ne2 Rd8 21. d4 Bxd4 22. Nxd4 Rxd4 23. Bg4 Nc5 24. Rxd4 exd4 25. Rxf6 gxf6 26. Kf3 Nd3 27. Be6+ Kg7 28. b3 Ne5+ 29. Kf4 c5 30. g4 h6 31. h4 b6 32. a4 a6 33. Bc8 Nd3+ 34. Kf5 Nc1 35. e5 fxe5 36. Kxe5 d3 37. Bf5 d2 38. Bc2 Nd3+ 39. Kd6 b5 40. axb5 axb5 41. g5 hxg5 42. hxg5 c4 43. bxc4 bxc4 44. Ba4 0-1

[Event "Madrid-ch Previa-B"]
[Site "Madrid"]
[Date "2013.02.22"]
[Round "8"]
[White "Martinez Montalvo, Eduardo"]
[Black "Lacaci Otero, Ivan"]
[Result "0-1"]
[WhiteElo "1793"]
[BlackElo "1671"]
[PlyCount "58"]
[EventDate "2013.02.01"]
[EventType "swiss"]
[EventRounds "9"]
[EventCountry "ESP"]
[SourceTitle "CBM 152 Extra"]
[Source "ChessBase"]
[SourceDate "2013.02.25"]
[SourceVersion "1"]
[SourceVersionDate "2013.02.25"]
[SourceQuality "1"]

1. e4 c5 2. c3 d6 3. d4 Nf6 4. Bd3 e6 5. Nf3 Nbd7 6. 0-0 Be7 7. Re1 Qc7 8. e5 dxe5 9. dxe5 Nd5 10. Nbd2 a6 11. a4 b6 12. Nf1 c4 13. Bc2 Bb7 14. Ng3 h5 15. h3 0-0-0 16. Qe2 h4 17. Nf1 g5 18. Bxg5 Bxg5 19. Nxg5 Rdg8 20. Qd2 Nxe5 21. Be4 Nd3 22. Bxd3 cxd3 23. Re4 Rg7 24. Nf3 Nf6 25. Rf4 Rhg8 26. g4 Nxg4 27. hxg4 Rxg4+ 28. Rxg4 Rxg4+ 29. Kh1 Bxf3# 0-1

[Event "Madrid-ch Previa-B"]
[Site "Madrid"]
[Date "2013.02.16"]
[Round "7"]
[White "Veiga Rodriguez, Pablo"]
[Black "Martinez Montalvo, Eduardo"]
[Result "0-1"]
[WhiteElo "1610"]
[BlackElo "1793"]
[PlyCount "82"]
[EventDate "2013.02.01"]
[EventType "swiss"]
[EventRounds "9"]
[EventCountry "ESP"]
[SourceTitle "CBM 152 Extra"]
[Source "ChessBase"]
[SourceDate "2013.02.25"]
[SourceVersion "1"]
[SourceVersionDate "2013.02.25"]
[SourceQuality "1"]

1. e4 b6 2. Nc3 Bb7 3. d4 e6 4. Bd3 Bb4 5. Nge2 Nf6 6. 0-0 Nc6 7. Bg5 h6 8. Bh4 g5 9. Bg3 h5 10. f3 h4 11. Bf2 e5 12. dxe5 Nxe5 13. Bd4 Qe7 14. Nb5 Bd6 15. a4 h3 16. Ng3 hxg2 17. Kxg2 Nxd3 18. Nxd6+ Qxd6 19. Qxd3 g4 20. Bxf6 Qxf6 21. fxg4 Qh4 22. Kf3 Rg8 23. Ke3 Qxh2 24. Rf3 Rxg4 25. Rh1 Qxg3 26. Rh8+ Ke7 27. Kd2 Qg2+ 28. Kc3 Rxh8 29. Rxf7+ Kxf7 30. Qxd7+ Kg8 31. Qe8+ Kg7 32. Qe5+ Kf7 33. Qxc7+ Ke6 34. Qc4+ Kf6 35. Qd4+ Kg5 36. Qe5+ Kh4 37. Qxh8+ Kg3 38. Qb8+ Kf2 39. Qxb7 Qxe4 40. Qxa7 Qc4+ 41. Kd2 Qd4+ 0-1

[Event "Tres Cantos op 4th"]
[Site "Tres Cantos"]
[Date "2012.06.28"]
[Round "8"]
[White "Delgado Mena, Diego"]
[Black "Martinez Montalvo, Eduardo"]
[Result "0-1"]
[WhiteElo "1524"]
[BlackElo "1827"]
[PlyCount "58"]
[EventDate "2012.06.21"]
[EventType "swiss"]
[EventRounds "9"]
[EventCountry "ESP"]
[SourceTitle "CBM 149 Extra"]
[Source "ChessBase"]
[SourceDate "2012.08.24"]
[SourceVersion "1"]
[SourceVersionDate "2012.08.24"]
[SourceQuality "1"]

1. d4 Nf6 2. Nf3 c5 3. dxc5 Nc6 4. c3 a5 5. g3 e6 6. Bg5 Bxc5 7. Bg2 d5 8. e3 h6 9. Bxf6 Qxf6 10. Nbd2 0-0 11. 0-0 b6 12. a4 Ba6 13. Re1 Rab8 14. Nb3 Rfd8 15. Nfd4 Ne5 16. Nb5 Rbc8 17. N3d4 Bxd4 18. exd4 Nc4 19. Ra2 Bxb5 20. axb5 Qe7 21. Qd3 Qd7 22. b3 Nd6 23. Rc1 Qxb5 24. Qxb5 Nxb5 25. c4 Nxd4 26. Rb2 Rc5 27. b4 axb4 28. Rxb4 Ne2+ 29. Kh1 Nxc1 0-1

[Event "Madrid-ch Previa-A"]
[Site "Madrid"]
[Date "2012.02.20"]
[Round "7"]
[White "Martinez Montalvo, Eduardo"]
[Black "Lozano Sanchez, Jose Antonio"]
[Result "1-0"]
[WhiteElo "1804"]
[BlackElo "1894"]
[PlyCount "85"]
[EventDate "2012.02.06"]
[EventType "swiss"]
[EventRounds "9"]
[EventCountry "ESP"]
[SourceTitle "CBM 147 Extra"]
[Source "ChessBase"]
[SourceDate "2012.04.24"]
[SourceVersion "1"]
[SourceVersionDate "2012.04.24"]
[SourceQuality "1"]

1. e4 e5 2. f4 d5 3. exd5 exf4 4. Nf3 Qxd5 5. Nc3 Qh5 6. d4 Bg4 7. Bxf4 Bxf3 8. Qxf3 Qxf3 9. gxf3 c6 10. d5 Bb4 11. 0-0-0 Bxc3 12. bxc3 Nf6 13. Re1+ Kd8 14. d6 Nd5 15. Bg3 Re8 16. Bc4 Nd7 17. Bxd5 cxd5 18. Kd2 Nc5 19. Rxe8+ Kxe8 20. Re1+ Ne6 21. Re5 Rc8 22. Rxd5 Kd7 23. h4 Rc5 24. Rxc5 Nxc5 25. Ke3 b6 26. Kd4 Ke6 27. Kc4 a6 28. Bh2 f6 29. Bf4 g6 30. Kd4 Nb7 31. d7 Kxd7 32. Kd5 Nd8 33. Be3 Kc7 34. Bf4+ Kd7 35. Be3 Kc7 36. Bd4 f5 37. Ke5 b5 38. Kf6 Kd6 39. Kg7 g5 40. hxg5 Ne6+ 41. Kf6 b4 42. Be5+ Kd5 43. c4+ 1-0

[Event "San Sebastian de los Reyes op 13th"]
[Site "San Sebastian"]
[Date "2011.12.04"]
[Round "3"]
[White "Martinez Montalvo, Eduardo"]
[Black "Prieto Velasco, Rafael"]
[Result "1-0"]
[WhiteElo "1787"]
[BlackElo "1781"]
[PlyCount "55"]
[EventDate "2011.12.02"]
[EventType "swiss"]
[EventRounds "9"]
[EventCountry "ESP"]
[SourceTitle "CBM 145 Extra"]
[Source "ChessBase"]
[SourceDate "2012.01.03"]
[SourceVersion "1"]
[SourceVersionDate "2012.01.03"]
[SourceQuality "1"]

1. e4 e6 2. b3 d5 3. Bb2 Nf6 4. e5 Nfd7 5. Qg4 c5 6. f4 Nc6 7. Nf3 d4 8. c3 dxc3 9. dxc3 a6 10. Nbd2 Ne7 11. c4 Qa5 12. Bd3 Nb8 13. 0-0 Nbc6 14. a3 Bd7 15. Kh1 Qc7 16. Ng5 h5 17. Qg3 g6 18. Nde4 Nf5 19. Nf6+ Ke7 20. Bxf5 gxf5 21. Rad1 h4 22. Qe3 Nd4 23. Bxd4 cxd4 24. Rxd4 Bc6 25. Rfd1 Bh6 26. Rd7+ Qxd7 27. Nxd7 Rad8 28. Qc5+ 1-0